[Event "Open Max Euwe in Memoriam"]
[Site "SchemingMind.com"]
[Date "2011.11.10"]
[Round "-"]
[White "docjan"]
[Black "C. H. O'D. Schlechter"]
[Result "1/2-1/2"]
[WhiteCountry "SWE"]
[BlackCountry "USA"]
[WhiteElo "2298"]
[WhiteRD "59"]
[BlackElo "2442"]
[BlackRD "93"]
[GameID "296443"]

1. e4 e6 2. d4 d5 3. Nd2 Be7 4. Ngf3 Nf6 5. Bd3 c5 6. dxc5 dxe4 7. Nxe4 Nxe4 8. Bxe4 Qxd1+ 9. Kxd1 Bxc5 10. Ke2 Nd7
11. Be3 Bxe3 12. Kxe3 Nf6 13. Bd3 Nd5+ 14. Kd2 O-O 15. Rad1 Nf4 16. g3 Nxd3 17. Kxd3 f6 18. Ke3 e5 19. c4 Be6 20. b3 Rad8
21. Rd2 Bg4 22. Rhd1 Rde8 23. Rh1 f5 24. h3 Bh5 25. Nh4 f4+ 26. Ke4 Re6 27. b4 Be8 28. b5 fxg3 29. fxg3 Ref6 30. Re1 g5
31. Ng2 Bg6+ 32. Kxe5 Rf3 33. Re3 Rf1 34. Ree2 Bd3 35. Re1 Rxe1+ 36. Nxe1 Bxc4 37. Rd7 Bxa2 38. Rxb7 Re8+ 39. Kf6 g4 40. Rxa7 Bd5
41. Rg7+ Kh8 42. Rxg4 Re6+ 43. Kf5 Rxe1 44. Rd4 Bg8 45. b6 Rb1 46. Rd6 Kg7 47. g4 Bf7 48. h4 Rb5+ 49. Kf4 Rb4+ 50. Kf3 Bg6
51. h5 Be8 52. Kg3 Kf8=
1/2-1/2

[Event "Open Max Euwe in Memoriam"]
[Site "SchemingMind.com"]
[Date "2011.11.06"]
[Round "-"]
[White "Ilang"]
[Black "Scooter"]
[Result "1-0"]
[WhiteCountry "HUN"]
[BlackCountry "USA"]
[WhiteElo "2345"]
[WhiteRD "73"]
[BlackElo "1808"]
[BlackRD "57"]
[GameID "296499"]

1. e4 c6 2. d4 d5 3. Nc3 dxe4 4. Nxe4 Bf5 5. Ng3 Bg6 6. h4 h6 7. Nf3 Nd7 8. h5 Bh7 9. Bd3 Bxd3 10. Qxd3 Ngf6
11. Bf4 e6 12. O-O-O Be7 13. Kb1 O-O 14. Ne4 Nxe4 15. Qxe4 Nf6 16. Qe2 Bd6 17. Bc1 Qa5 18. g4 Qb5 19. Qxb5 cxb5 20. Rde1 Nxg4
21. Rhg1 f5 22. Rxe6 Rf6 23. Re2 Kh7 24. Nh4 Rf7 25. f3 Nh2 26. Rh1 Bg3 27. Rhxh2 Bxh2 28. Rxh2 Re8 29. a3 Re1 30. c3 Kg8
31. Kc2 Kf8 32. Bd2 Re6 33. Bf4 a5 34. Be5 Kg8 35. f4 b4 36. axb4 axb4 37. d5 Rb6 38. c4
1-0

[Event "Open Max Euwe in Memoriam"]
[Site "SchemingMind.com"]
[Date "2011.11.06"]
[Round "-"]
[White "Scooter"]
[Black "Ilang"]
[Result "0-1"]
[WhiteCountry "USA"]
[BlackCountry "HUN"]
[WhiteElo "1808"]
[WhiteRD "57"]
[BlackElo "2345"]
[BlackRD "73"]
[GameID "296509"]

1. d4 d5 2. Nf3 Nf6 3. Bf4 c5 4. e3 e6 5. h3 cxd4 6. exd4 Bd6 7. Bxd6 Qxd6 8. c3 O-O 9. Be2 Nc6 10. O-O Bd7
11. Nbd2 Nh5 12. Ne5 Nf4 13. Ndf3 f6 14. Nxd7 Qxd7 15. Bb5 Rae8 16. Qd2 e5 17. dxe5 fxe5 18. Rfe1 Nxh3+ 19. gxh3 Rxf3 20. Re3 Rf7
21. Rd1 Qf5
0-1

[Event "Open Max Euwe in Memoriam"]
[Site "SchemingMind.com"]
[Date "2011.12.05"]
[Round "-"]
[White "César Jesús Reyes Maldonado"]
[Black "Jari Laine"]
[Result "1-0"]
[WhiteCountry "VEN"]
[BlackCountry "FIN"]
[WhiteElo "2536"]
[WhiteRD "57"]
[BlackElo "2285"]
[BlackRD "67"]
[GameID "298480"]

1. e4 e6 2. d4 d5 3. Nc3 Bb4 4. e5 c5 5. a3 Bxc3+ 6. bxc3 Qc7 7. Qg4 f5 8. Qg3 cxd4 9. cxd4 Ne7 10. Ne2 O-O
11. c3 Nbc6 12. h4 Bd7 13. h5 Rac8 14. h6 g6 15. Rh3 Na5 16. Bg5 Ba4 17. Rb1 Rf7 18. Nf4 Qd7 19. Be2 Nc4 20. Bh5 Nxa3
21. Rb2 Rcf8 22. Bf6 Rxf6 23. exf6 Rxf6 24. Qg5 Rf8 25. Nxg6
1-0

[Event "Open Max Euwe in Memoriam"]
[Site "SchemingMind.com"]
[Date "2011.12.05"]
[Round "-"]
[White "Jari Laine"]
[Black "César Jesús Reyes Maldonado"]
[Result "0-1"]
[WhiteCountry "FIN"]
[BlackCountry "VEN"]
[WhiteElo "2241"]
[WhiteRD "68"]
[BlackElo "2530"]
[BlackRD "56"]
[GameID "298482"]

1. e4 c5 2. c3 Nf6 3. e5 Nd5 4. d4 cxd4 5. Nf3 Nc6 6. Bc4 Nb6 7. Bb3 d5 8. exd6 Qxd6 9. Na3 dxc3 10. Qe2 cxb2
11. Bxb2 Qb4+ 12. Kf1 Bf5 13. Rd1 Rd8 14. Rxd8+ Nxd8 15. Nd4 Bd7 16. Nab5 Nc6 17. Qh5 Nxd4 18. Qxf7+ Kd8 19. Nxd4 Qd2
0-1

[Event "Open Max Euwe in Memoriam"]
[Site "SchemingMind.com"]
[Date "2012.02.23"]
[Round "-"]
[White "mmccaffe"]
[Black "Michal Drus"]
[Result "0-1"]
[WhiteCountry "USA"]
[BlackCountry "POL"]
[WhiteElo "1665"]
[WhiteRD "66"]
[BlackElo "1676"]
[BlackRD "59"]
[GameID "303685"]

1. e4 c6 2. Nc3 d5 3. Nf3 Bg4 4. h3 Bxf3 5. Qxf3 Nf6 6. e5 Nfd7 7. Bd3 Nxe5 8. Qe2 Nbd7 9. O-O e6 10. b3 Qh4
11. Bb2 Bd6 12. f4 Nxd3 13. Qxd3 Bxf4
0-1

[Event "Open Max Euwe in Memoriam"]
[Site "SchemingMind.com"]
[Date "2012.02.23"]
[Round "-"]
[White "Michal Drus"]
[Black "mmccaffe"]
[Result "1-0"]
[WhiteCountry "POL"]
[BlackCountry "USA"]
[WhiteElo "1676"]
[WhiteRD "59"]
[BlackElo "1665"]
[BlackRD "66"]
[GameID "303690"]

1. d4 Nf6 2. c4 g6 3. Nc3 d5 4. cxd5 Nxd5 5. e4 Nxc3 6. bxc3 Bg7 7. Bc4 O-O 8. Ne2 c5 9. Bb2 cxd4 10. cxd4 Qa5+
11. Bc3 Qa4 12. Qxa4
1-0

[Event "Open Max Euwe in Memoriam"]
[Site "SchemingMind.com"]
[Date "2012.02.29"]
[Round "-"]
[White "e_safarz"]
[Black "maro"]
[Result "1-0"]
[WhiteCountry "CAN"]
[BlackCountry "MEX"]
[WhiteElo "2443"]
[WhiteRD "66"]
[BlackElo "1368"]
[BlackRD "59"]
[GameID "304098"]

1. e4 e5 2. Nf3 Nc6 3. Bc4 Qe7 4. O-O Na5 5. Be2 Nf6 6. Nc3 Nc4 7. Bxc4 d6 8. d4 Be6 9. Qe2 Bxc4 10. Qxc4 O-O-O
11. Bg5 h6 12. Nd5 c6 13. Nxe7+ Bxe7 14. Be3 Nxe4 15. Qxf7
1-0

[Event "Open Max Euwe in Memoriam"]
[Site "SchemingMind.com"]
[Date "2012.02.29"]
[Round "-"]
[White "maro"]
[Black "e_safarz"]
[Result "0-1"]
[WhiteCountry "MEX"]
[BlackCountry "CAN"]
[WhiteElo "1368"]
[WhiteRD "59"]
[BlackElo "2443"]
[BlackRD "66"]
[GameID "304105"]

1. e4 c5 2. d4 cxd4 3. Qxd4 Nc6 4. Qe3 Nf6 5. e5 Ng4 6. Qe2 Ngxe5 7. Bf4 d6 8. Nc3 Bg4 9. f3 Bf5 10. O-O-O e6
11. Bxe5 Nxe5 12. Nb5 Qb6 13. Nd4 Bg6 14. Nb5 Be7 15. Nd4 O-O 16. Qd2 Rac8 17. c3 Qa5 18. f4 Qxa2 19. f5 exf5 20. Nge2 f4
0-1

[Event "Open Max Euwe in Memoriam"]
[Site "SchemingMind.com"]
[Date "2012.07.15"]
[Round "-"]
[White "Michal Drus"]
[Black "flammablepawn"]
[Result "1-0"]
[WhiteCountry "POL"]
[BlackCountry "USA"]
[WhiteElo "1609"]
[WhiteRD "69"]
[BlackElo "1873"]
[BlackRD "93"]
[GameID "314117"]

1. e4 e6 2. d4 d5 3. Nc3 Nf6 4. e5 Nfd7 5. Nce2 c5 6. c3 Nc6 7. f4 Qb6 8. Nf3 cxd4 9. Nexd4 Nxd4 10. cxd4 Bb4+
11. Bd2 Nb8 12. Qa4+ Nc6 13. Bxb4 Qxb4+ 14. Qxb4 Nxb4 15. Kf2 Bd7 16. Be2 Rc8 17. Rac1 Ke7 18. a3 Nc6 19. Rc3 a6 20. Rhc1 Na7
21. g4 Rxc3 22. Rxc3 Rc8 23. Rxc8 Nxc8 24. b3 Na7 25. Bd3 Bb5 26. Bxh7 g6 27. f5 exf5 28. gxf5 Bd3 29. f6+ Ke8 30. h4 Bc2
31. h5 Nb5 32. a4 Nc7 33. Ng5 Kf8 34. Bxg6
1-0

[Event "Open Max Euwe in Memoriam"]
[Site "SchemingMind.com"]
[Date "2012.07.15"]
[Round "-"]
[White "flammablepawn"]
[Black "Michal Drus"]
[Result "1-0"]
[WhiteCountry "USA"]
[BlackCountry "POL"]
[WhiteElo "1896"]
[WhiteRD "92"]
[BlackElo "1620"]
[BlackRD "60"]
[GameID "314124"]

1. b4 e5 2. Bb2 Bxb4 3. Bxe5 Nf6 4. Nf3 O-O 5. e3 d6 6. Bb2 Bf5 7. Be2 c6 8. O-O Ng4 9. Nd4 Qh4 10. h3 Ne5
11. Nxf5 Qe4 12. Ng3 Qh4 13. d3 Nbd7 14. a3 Ba5 15. Ne4 Nf6 16. Nxd6 b5 17. Bxe5 Bc7 18. Bg3 Qh6 19. Nf5 Qg5 20. Ne7+ Kh8
21. Bxc7
1-0

[Event "Open Max Euwe in Memoriam"]
[Site "SchemingMind.com"]
[Date "2012.07.25"]
[Round "-"]
[White "Olli Ylönen"]
[Black "Ilang"]
[Result "1/2-1/2"]
[WhiteCountry "FIN"]
[BlackCountry "HUN"]
[WhiteElo "1863"]
[WhiteRD "56"]
[BlackElo "2385"]
[BlackRD "74"]
[GameID "314692"]

1. e4 c6 2. d4 d5 3. Nc3 dxe4 4. Nxe4 Bf5 5. Ng3 Bg6 6. h4 h6 7. Nf3 Nd7 8. h5 Bh7 9. Bd3 Bxd3 10. Qxd3 e6
11. Bd2 Ngf6 12. O-O-O Be7 13. Ne4 O-O 14. Kb1 c5 15. Nxf6+ Nxf6 16. g4 Nxg4 17. Rhg1 f5 18. Qe2 Qb6 19. Ne5 cxd4 20. Nd7 Qa6
21. Qxa6 bxa6 22. Nxf8 Kxf8 23. f3 Ne3 24. Rde1 f4 25. c3 Bh4 26. cxd4 Bxe1 27. Rxe1 Rd8 28. Bxe3=
1/2-1/2

[Event "Open Max Euwe in Memoriam"]
[Site "SchemingMind.com"]
[Date "2012.07.25"]
[Round "-"]
[White "Ilang"]
[Black "Olli Ylönen"]
[Result "1-0"]
[WhiteCountry "HUN"]
[BlackCountry "FIN"]
[WhiteElo "2385"]
[WhiteRD "74"]
[BlackElo "1863"]
[BlackRD "56"]
[GameID "314695"]

1. e4 e5 2. Nf3 Nc6 3. Bb5 Nf6 4. O-O Bc5 5. c3 O-O 6. d4 Bb6 7. Bg5 h6 8. Bh4 d6 9. a4 a5 10. Re1 exd4
11. Bxc6 bxc6 12. Nxd4 Re8 13. Nd2 c5 14. Nf5 Bxf5 15. exf5 Rxe1+ 16. Qxe1 d5 17. Qe5 c4 18. Nf3 Kh7 19. Rd1 c6 20. Re1 Bc5
21. Re2 Bd6 22. Qd4 c5 23. Bxf6 gxf6 24. Qh4 Qd7 25. Qxf6 Ra6 26. Ne5 Bxe5 27. Qxa6 Qxf5 28. g3 h5 29. h4 f6 30. Qb7+ Kg6
31. Qxd5 Qg4 32. Qg8+ Kf5 33. Qc8+ Kg6 34. Qe8+ Kf5 35. Re3 Qd1+ 36. Kg2 Qd5+ 37. Rf3+ Ke4 38. Qg6+
1-0

[Event "Open Max Euwe in Memoriam"]
[Site "SchemingMind.com"]
[Date "2013.03.04"]
[Round "-"]
[White "Ilang"]
[Black "flammablepawn"]
[Result "1-0"]
[WhiteCountry "HUN"]
[BlackCountry "USA"]
[WhiteElo "2383"]
[WhiteRD "83"]
[BlackElo "1879"]
[BlackRD "100"]
[GameID "327990"]

1. d4 e6 2. c4 d5 3. Nc3 c6 4. e3 Nf6 5. Nf3 Bd6 6. Bd3 O-O 7. O-O Nbd7 8. Qc2 dxc4 9. Bxc4 b5 10. Be2 Bb7
11. Rd1 Qc7 12. Bd2 Rfe8 13. Bd3 h6 14. Rac1 a6 15. b4 Rac8 16. Ne4 Nxe4 17. Bxe4 Nf6 18. Bd3 Nd5 19. a3 Qd7 20. Ne5 Bxe5
21. dxe5 Qe7 22. f4 Red8 23. e4 Nb6 24. Be3 Na4 25. Be2 Rxd1+ 26. Bxd1
1-0

[Event "Open Max Euwe in Memoriam"]
[Site "SchemingMind.com"]
[Date "2013.03.03"]
[Round "-"]
[White "flammablepawn"]
[Black "Ilang"]
[Result "0-1"]
[WhiteCountry "USA"]
[BlackCountry "HUN"]
[WhiteElo "1885"]
[WhiteRD "96"]
[BlackElo "2369"]
[BlackRD "80"]
[GameID "327993"]

1. b4 e5 2. Bb2 Bxb4 3. Bxe5 Nf6 4. Nf3 Nc6 5. Bb2 d5 6. e3 O-O 7. Be2 Bf5 8. O-O Qe7 9. d3 h6 10. Nbd2 Ba3
11. Qc1 Bxb2 12. Qxb2 Rab8 13. c4 dxc4 14. Nxc4 Rfd8 15. Rad1 Nd5 16. d4 Qb4 17. Qxb4 Ncxb4 18. a3 Nc3 19. Rd2 Nxe2+
0-1

[Event "Open Max Euwe in Memoriam"]
[Site "SchemingMind.com"]
[Date "2013.06.17"]
[Round "-"]
[White "César Jesús Reyes Maldonado"]
[Black "Ilang"]
[Result "1/2-1/2"]
[WhiteCountry "VEN"]
[BlackCountry "HUN"]
[WhiteElo "2489"]
[WhiteRD "87"]
[BlackElo "2383"]
[BlackRD "83"]
[GameID "333286"]

1. e4 c5 2. Nf3 d6 3. d4 cxd4 4. Nxd4 Nf6 5. Nc3 a6 6. Be3 e5 7. Nb3 Be6 8. f3 h5 9. Qd2 Nbd7 10. Be2 b5
11. a4 b4 12. Nd5 Bxd5 13. exd5 Nb6 14. f4 Nbxd5 15. Bf3 Nxe3 16. Bc6+ Nd7 17. Qxe3 Rc8 18. fxe5 Rh6 19. Bxd7+ Qxd7 20. O-O-O Re6
21. Qd3 Qxa4 22. exd6 Bxd6 23. Kb1 Kf8= 24. Nd4 Rf6 25. Rhf1=
1/2-1/2

[Event "Open Max Euwe in Memoriam"]
[Site "SchemingMind.com"]
[Date "2013.06.17"]
[Round "-"]
[White "Ilang"]
[Black "César Jesús Reyes Maldonado"]
[Result "1/2-1/2"]
[WhiteCountry "HUN"]
[BlackCountry "VEN"]
[WhiteElo "2383"]
[WhiteRD "83"]
[BlackElo "2489"]
[BlackRD "87"]
[GameID "333287"]

1. d4 Nf6 2. c4 e6 3. Nf3 b6 4. g3 Ba6 5. b3 Bb4+ 6. Bd2 Be7 7. Bg2 c6 8. Bc3 d5 9. Ne5 Nfd7 10. Nxd7 Nxd7
11. Nd2 O-O 12. O-O Rc8 13. e4 b5 14. Re1 bxc4 15. bxc4 dxc4 16. Qa4 Bb5 17. Qc2 Re8 18. a4 Ba6 19. Rab1 h6 20. Ba1 Qa5
21. Nxc4 Bxc4 22. Qxc4 Nb6 23. Qd3 Qxa4 24. Bc3 c5 25. d5=
1/2-1/2